Huellas isabelinas con enfoque bilingüe para Sordos: el reto del español escrito
Resumen: Este texto retrata la experiencia isabelina de inclusión para estudiantes Sordos, con especial énfasis en el español escrito como segunda lengua para estos estudiantes expone una propuesta de ajuste curricular al plan de estudios de la institución, teniendo en cuenta que no existen Lineamie...
Gardado en:
| Autor Corporativo: | |
|---|---|
| Outros autores: | , , , , |
| Formato: | Libro |
| Idioma: | English |
| Edición: | López Trujillo, Federico Román; |
| Subjects: | |
| Acceso en liña: | https://repositorio.idep.edu.co/handle/001/2652 |
| Tags: |
Engadir etiqueta
Sen Etiquetas, Sexa o primeiro en etiquetar este rexistro!
|
MARC
| LEADER | 00000nam a22000007a 4500 | ||
|---|---|---|---|
| 003 | OSt | ||
| 005 | 20250922051515.0 | ||
| 008 | 240404b ||||| |||| 00| 0 eng d | ||
| 999 | |c 7308 |d 7308 | ||
| 020 | |a 978-628-7535-91-6 | ||
| 040 | |a IDEP |c CNA-IDEP |b SPA |e RCAA | ||
| 082 | 0 | |2 1 |a 371.912 |b F9625 | |
| 110 | 2 | |a Fundación Universitaria CAFAM -Unicafam |9 722 | |
| 245 | 0 | 0 | |a Huellas isabelinas con enfoque bilingüe para Sordos: el reto del español escrito |h [Recurso electrónico] |
| 250 | |a López Trujillo, Federico Román; |b Diseño y diagramación: Datanalab S.A.S. | ||
| 300 | |a 76 páginas. | ||
| 504 | |a Bibliografía: Páginas 74-75. | ||
| 511 | 0 | |a Participantes: Colegio Isabel II I.E.D. | |
| 520 | 3 | |a Resumen: Este texto retrata la experiencia isabelina de inclusión para estudiantes Sordos, con especial énfasis en el español escrito como segunda lengua para estos estudiantes expone una propuesta de ajuste curricular al plan de estudios de la institución, teniendo en cuenta que no existen Lineamientos Curriculares del Español como segunda lengua para Sordos desde el Ministerio de Educación Nacional. | |
| 521 | |a Público: General, Docentes, investigadores, estudiantes de pedagogia | ||
| 546 | |a Español. | ||
| 650 | 1 | 4 | |2 IDEP |a Sordos |9 2444 |
| 650 | 1 | 4 | |2 IDEP |a Plan estudios |9 16399 |
| 700 | 0 | |a Alarcón Cualla, Esteban |e Autor |9 16400 | |
| 700 | 0 | |a Ospina Franco, Sandra Rocío |e Autor |9 16401 | |
| 700 | 0 | |a Moreno Caro, Javier Oswaldo |e Autor |9 16402 | |
| 700 | 0 | |a Duque Pineda, Luz Andrea |e Autor |9 16403 | |
| 700 | 0 | |a Nuñez Torres, David Camilo |e Autor |9 16404 | |
| 856 | 4 | 0 | |u https://repositorio.idep.edu.co/handle/001/2652 |
| 942 | |2 ddc |c BK | ||